[Event "CYCC U08 w"]
[Site "Windsor CAN"]
[Date "2010.07.09"]
[Round "7"]
[White "Tao, Ellen"]
[Black "Feldman, Michelle"]
[Result "0-1"]
[WhiteElo "605"]
[BlackElo "926"]
[PlyCount "108"]
[EventDate "2010.07.06"]
[EventType "swiss"]
[EventRounds "7"]
[EventCountry "CAN"]

1. e4 e5 2. Bc4 Nc6 3. Qh5 g6 4. Qf3 Nf6 5. Qd3 Nb4 6. Qb3 d5 7. exd5 Nbxd5 8.
Bxd5 Nxd5 9. Nc3 Nxc3 10. Qxc3 Bg7 11. Qd3 Qxd3 12. cxd3 Bd7 13. Nf3 O-O-O 14.
O-O Bc6 15. Ne1 e4 16. dxe4 Bxe4 17. d3 Bxd3 18. Nxd3 Rxd3 19. Be3 Kb8 20. Bg5
Bxb2 21. Rab1 Rd5 22. Rxb2 Rxg5 23. Rfb1 b6 24. h3 Rd8 25. h4 Rg4 26. g3 f5 27.
Kg2 Ra4 28. f4 h6 29. Kh2 Rd3 30. Rb3 Rxa2+ 31. Kh3 Rxb3 32. Rxb3 a5 33. g4
fxg4+ 34. Kxg4 Rg2+ 35. Rg3 Rxg3+ 36. Kxg3 a4 37. Kg4 a3 38. f5 gxf5+ 39. Kxf5
a2 40. Kg6 a1=Q 41. Kxh6 Qh8+ 42. Kg5 b5 43. Kg4 Qe5 44. h5 b4 45. h6 b3 46. h7
b2 47. h8=Q+ Qxh8 48. Kg5 b1=Q 49. Kf4 Qb5 50. Ke4 Qh4+ 51. Kf3 Qb3+ 52. Kg2 c6
53. Kg1 Qb2 54. Kf1 Qh1# 0-1

[Event "CYCC U08 w 2-3 playoff"]
[Site "Windsor CAN"]
[Date "2010.07.09"]
[Round "8"]
[White "Birarov, Nicole"]
[Black "Gao, Catherine"]
[Result "1-0"]
[WhiteElo "883"]
[BlackElo "956"]
[PlyCount "43"]
[EventDate "2010.07.09"]
[EventType "match"]
[EventRounds "1"]
[EventCountry "CAN"]

1. e4 e5 2. Nf3 Nc6 3. Bc4 Nf6 4. O-O Bc5 5. d4 exd4 6. e5 Ne4 7. Re1 d5 8.
exd6 Bf5 9. Nbd2 Bb4 10. c3 dxc3 11. Nxe4 cxb2 12. Nc3+ Be6 13. Bxb2 Bxd6 14.
Bxe6 O-O 15. Bb3 Qd7 16. Nd5 Na5 17. Bc2 c6 18. Nc3 Qc7 19. Ne4 Nc4 20. Qd3
Nxb2 21. Nf6+ gxf6 22. Qxh7# 1-0

[Event "CYCC U10"]
[Site "Windsor CAN"]
[Date "2010.07.06"]
[Round "1"]
[White "Bacic, Matthew"]
[Black "Zhao, Frederick"]
[Result "0-1"]
[WhiteElo "771"]
[BlackElo "1231"]
[PlyCount "54"]
[EventDate "2010.07.06"]
[EventType "swiss"]
[EventRounds "7"]
[EventCountry "CAN"]

1. e4 e5 2. d4 exd4 3. c3 dxc3 4. bxc3 Nc6 5. Nf3 Nf6 6. Bd3 Bc5 7. O-O O-O 8.
Be3 Bxe3 9. fxe3 Re8 10. Na3 Nxe4 11. Qc2 d5 12. c4 Nb4 13. Qb3 Nxd3 14. Qxd3
dxc4 15. Qc2 c3 16. Nc4 Bf5 17. h3 Ng3 18. Qf2 Nxf1 19. Qxf1 Bd3 20. Qd1 Bxc4
21. g4 Rxe3 22. Kg2 c2 23. Qxc2 Re2+ 24. Kg3 Rxc2 25. Rb1 Qd6+ 26. Kh4 Rg2 27.
Rc1 Qh6# 0-1

[Event "CYCC U10"]
[Site "Windsor CAN"]
[Date "2010.07.06"]
[Round "1"]
[White "Gugel, Brett"]
[Black "Rice, Joshua"]
[Result "1-0"]
[WhiteElo "1408"]
[BlackElo "950"]
[PlyCount "51"]
[EventDate "2010.07.06"]
[EventType "swiss"]
[EventRounds "7"]
[EventCountry "CAN"]

1. e4 e5 2. Nf3 d6 3. d4 exd4 4. Nxd4 Nf6 5. Nc3 Bd7 6. Be2 c5 7. Nf3 g5 8.
Bxg5 Be7 9. Bxf6 Bxf6 10. Qxd6 Bxc3+ 11. bxc3 Nc6 12. Qxc5 b6 13. Qd5 Be6 14.
Qxc6+ Bd7 15. Qd5 Be6 16. Qe5 Rg8 17. Rd1 Qe7 18. Bb5+ Kf8 19. Rg1 Qb4 20. cxb4
a6 21. Bc6 Rc8 22. Bd5 Bxd5 23. Rxd5 Re8 24. Qd6+ Re7 25. Re5 Ke8 26. Qxe7# 1-0

[Event "CYCC U10"]
[Site "Windsor CAN"]
[Date "2010.07.06"]
[Round "1"]
[White "Kassam, Jamil"]
[Black "Wiebe, Ricky"]
[Result "1-0"]
[WhiteElo "1786"]
[BlackElo "996"]
[PlyCount "79"]
[EventDate "2010.07.06"]
[EventType "swiss"]
[EventRounds "7"]
[EventCountry "CAN"]

1. d4 d5 2. Nf3 Nc6 3. e3 Nf6 4. c4 Be6 5. cxd5 Bxd5 6. Nc3 e6 7. Nxd5 exd5 8.
Bb5 Bb4+ 9. Bd2 Bxd2+ 10. Qxd2 O-O 11. Bxc6 bxc6 12. O-O Ne4 13. Qc2 Re8 14.
Qxc6 h6 15. Rac1 Qd6 16. Qxc7 Qxc7 17. Rxc7 Nd6 18. Rfc1 Kh7 19. Ne5 Rf8 20. h3
Rab8 21. b3 Rbc8 22. Rxc8 Nxc8 23. Rc7 Nd6 24. Rxa7 f6 25. Nd3 Nb5 26. Ra5 Nc3
27. Nc5 Rc8 28. Kh2 Ne4 29. Nxe4 dxe4 30. Rc5 Rxc5 31. dxc5 Kg8 32. c6 g5 33.
c7 f5 34. c8=Q+ Kh7 35. Qxf5+ Kg7 36. Kg3 Kg8 37. Kg4 Kg7 38. Kh5 Kg8 39. Kxh6
Kh8 40. Qf8# 1-0

[Event "CYCC U10"]
[Site "Windsor CAN"]
[Date "2010.07.06"]
[Round "1"]
[White "Warnock, Luc"]
[Black "Aghamalian, Derick"]
[Result "0-1"]
[WhiteElo "861"]
[BlackElo "1445"]
[PlyCount "40"]
[EventDate "2010.07.06"]
[EventType "swiss"]
[EventRounds "7"]
[EventCountry "CAN"]

1. e4 e5 2. Qf3 Nc6 3. Bc4 Nf6 4. Qb3 Qe7 5. Nf3 Nxe4 6. Rf1 h6 7. Bd5 Nc5 8.
Qe3 Nb4 9. Bc4 Nxc2+ 10. Ke2 Nxe3 11. dxe3 b6 12. b4 Ba6 13. b5 Bb7 14. Bb2
Bxf3+ 15. gxf3 e4 16. fxe4 Qxe4 17. Rg1 Qxc4+ 18. Ke1 Nd3+ 19. Kd2 Nxb2 20. Na3
Bb4# 0-1

[Event "CYCC U10"]
[Site "Windsor CAN"]
[Date "2010.07.06"]
[Round "1"]
[White "Yilmaz, Burak"]
[Black "Cao, Jason"]
[Result "0-1"]
[WhiteElo "800"]
[BlackElo "1398"]
[PlyCount "26"]
[EventDate "2010.07.06"]
[EventType "swiss"]
[EventRounds "7"]
[EventCountry "CAN"]

1. h3 d5 2. g4 c6 3. d3 e5 4. e4 Bc5 5. Be3 Bxe3 6. fxe3 Qh4+ 7. Kd2 dxe4 8.
dxe4 Nf6 9. Qe1 Nxe4+ 10. Ke2 Bxg4+ 11. Nf3 Bxf3+ 12. Kxf3 Qxe1 13. Kxe4 Qb4+
0-1

[Event "CYCC U10"]
[Site "Windsor CAN"]
[Date "2010.07.06"]
[Round "1"]
[White "Zhang, Jeff"]
[Black "Deforest, Matthew"]
[Result "1-0"]
[WhiteElo "1312"]
[BlackElo "550"]
[PlyCount "44"]
[EventDate "2010.07.06"]
[EventType "swiss"]
[EventRounds "7"]
[EventCountry "CAN"]

1. e4 e5 2. Nf3 Nc6 3. Bc4 Bb4 4. a3 Bc5 5. Nc3 g5 6. d3 g4 7. Ng5 Qe7 8. Nxf7
Qh4 9. g3 Qf6 10. O-O h5 11. Nd5 Qg6 12. Nxc7+ Kf8 13. Nxh8 Qg7 14. Nf7 h4 15.
Bg5 hxg3 16. hxg3 Nf6 17. Bh6 Kg8 18. Bxg7 Kxg7 19. Nxa8 Nh5 20. Qxg4+ Kh7 21.
Qxh5+ Kg7 22. Qh6+ Kg8 1-0

[Event "CYCC U10"]
[Site "Windsor CAN"]
[Date "2010.07.06"]
[Round "1"]
[White "Zhu, Jeffrey"]
[Black "Xia, Jefferson"]
[Result "1-0"]
[WhiteElo "1212"]
[BlackElo "843"]
[PlyCount "91"]
[EventDate "2010.07.06"]
[EventType "swiss"]
[EventRounds "7"]
[EventCountry "CAN"]

1. d4 d5 2. c4 c6 3. c5 Nf6 4. Nc3 e6 5. Nf3 Be7 6. Bg5 h6 7. Bxf6 Bxf6 8. e4
dxe4 9. Nxe4 Nd7 10. Nd6+ Ke7 11. Qd2 b6 12. Bc4 bxc5 13. dxc5 Nxc5 14. Rd1 Rb8
15. Nf5+ Ke8 16. Nxg7+ Ke7 17. Nf5+ Ke8 18. Nd6+ Ke7 19. Nf5+ Ke8 20. Qf4 e5
21. Rxd8+ Kxd8 22. Qd2+ Ke8 23. Nd6+ Ke7 24. Nxf7 Rh7 25. Qd6+ Ke8 26. Qxc6+
Bd7 27. Nd6+ Kd8 28. Qxc5 Be7 29. O-O Bxd6 30. Qxd6 e4 31. Ne5 Rxb2 32. Bg8 Re7
33. Be6 Rb7 34. Bxd7 Rb2 35. Rd1 Rb6 36. Qd2 Kc7 37. Rc1+ Kb7 38. Bc8+ Kb8 39.
Qd8 a6 40. Bxa6+ Ka7 41. Qxe7+ Kxa6 42. Nc4 Rb4 43. Qxb4 Ka7 44. Qb5 h5 45. Na5
Ka8 46. Qb7# 1-0

[Event "CYCC U10"]
[Site "Windsor CAN"]
[Date "2010.07.06"]
[Round "1"]
[White "Zotkin, Daniel"]
[Black "Bashura, Brian"]
[Result "1-0"]
[WhiteElo "1504"]
[BlackElo "930"]
[PlyCount "77"]
[EventDate "2010.07.06"]
[EventType "swiss"]
[EventRounds "7"]
[EventCountry "CAN"]

1. e4 e5 2. Nf3 d6 3. Nc3 Bg4 4. Be2 Nf6 5. d4 Nc6 6. dxe5 dxe5 7. Qxd8+ Rxd8
8. Bg5 Be7 9. O-O O-O 10. Rfd1 h6 11. Bxf6 Bxf6 12. Nd5 Rd6 13. Nxc7 Rd7 14.
Rxd7 Bxd7 15. Rd1 Bg4 16. Nd5 Bxf3 17. Nxf6+ gxf6 18. Bxf3 Nd4 19. c3 Nxf3+ 20.
gxf3 b5 21. Rd7 a5 22. Rd5 b4 23. Rxa5 bxc3 24. bxc3 Rd8 25. Rd5 Rb8 26. c4
Rb1+ 27. Kg2 Rb6 28. c5 Ra6 29. Rd6 Rxd6 30. cxd6 Kf8 31. a4 Ke8 32. a5 Kd7 33.
a6 Kxd6 34. a7 Ke6 35. a8=Q f5 36. Qd5+ Kf6 37. Qd6+ Kg5 38. h4+ Kf4 39. Qxh6#
1-0

[Event "CYCC U10"]
[Site "Windsor CAN"]
[Date "2010.07.06"]
[Round "2"]
[White "Aghamalian, Derick"]
[Black "Zhu, Jeffrey"]
[Result "1-0"]
[WhiteElo "1445"]
[BlackElo "1212"]
[PlyCount "85"]
[EventDate "2010.07.06"]
[EventType "swiss"]
[EventRounds "7"]
[EventCountry "CAN"]

1. e4 e5 2. Nf3 Nc6 3. Bc4 Be7 4. Nc3 Bf6 5. d3 Nge7 6. Be3 O-O 7. O-O Ng6 8.
Qd2 Nd4 9. Bxd4 exd4 10. Ne2 c5 11. c3 Qb6 12. cxd4 cxd4 13. Qc2 Ne7 14. e5 d5
15. exf6 Qxf6 16. Bb3 a5 17. Nexd4 Bd7 18. a3 a4 19. Ba2 Nc6 20. Qc3 Qg6 21.
Bxd5 Bh3 22. Nd2 Rad8 23. Bxc6 bxc6 24. Qxc6 Rd6 25. Qe4 Qg5 26. Rfe1 Rxd4 27.
Qf3 Rxd3 28. Ne4 Qg6 29. Re3 Rfd8 30. Qxh3 Rd1+ 31. Re1 Rxe1+ 32. Rxe1 Kh8 33.
Qg3 Qf5 34. Qg5 Qd7 35. h3 Re8 36. Qc1 Qe6 37. Kf1 Qa6+ 38. Kg1 Qe6 39. Re3 Qh6
40. Nd6 Rf8 41. Nxf7+ Rxf7 42. Re8+ Rf8 43. Rxf8# 1-0

[Event "CYCC U10"]
[Site "Windsor CAN"]
[Date "2010.07.06"]
[Round "2"]
[White "Bashura, Brian"]
[Black "Xia, Jefferson"]
[Result "1-0"]
[WhiteElo "930"]
[BlackElo "843"]
[PlyCount "97"]
[EventDate "2010.07.06"]
[EventType "swiss"]
[EventRounds "7"]
[EventCountry "CAN"]

1. e4 e5 2. Nf3 Nc6 3. Bc4 Bc5 4. O-O h6 5. Nc3 Nf6 6. d3 d6 7. Nd5 O-O 8.
Nxf6+ Qxf6 9. Bd5 Qg6 10. c3 Bh3 11. Nh4 Bg4 12. Nxg6 Bxd1 13. Nxf8 Rxf8 14.
Rxd1 Kh8 15. Bxc6 bxc6 16. b4 Bb6 17. a4 a6 18. a5 Ba7 19. Be3 Bxe3 20. fxe3 f6
21. c4 g5 22. b5 cxb5 23. cxb5 axb5 24. a6 Ra8 25. Rdb1 c6 26. d4 Kg7 27. d5
cxd5 28. exd5 f5 29. Rxb5 f4 30. a7 Kf6 31. Rb8 Rxa7 32. Rxa7 Kf5 33. h3 fxe3
34. Rf8+ Ke4 35. Kf1 Kd3 36. Ra3+ Kd2 37. Ra1 e2+ 38. Kf2 e4 39. Rd8 e3+ 40.
Kf3 h5 41. g3 g4+ 42. hxg4 hxg4+ 43. Kf4 e1=Q 44. Rxe1 Kxe1 45. Kxe3 Kf1 46.
Kf4 Kg2 47. Rxd6 Kh3 48. Rh6+ Kg2 49. d6 1-0

[Event "CYCC U10"]
[Site "Windsor CAN"]
[Date "2010.07.06"]
[Round "2"]
[White "Cao, Jason"]
[Black "Deforest, Matthew"]
[Result "1-0"]
[WhiteElo "1398"]
[BlackElo "550"]
[PlyCount "46"]
[EventDate "2010.07.06"]
[EventType "swiss"]
[EventRounds "7"]
[EventCountry "CAN"]

1. d4 e6 2. c4 Qf6 3. Nf3 d6 4. Nc3 g5 5. Bxg5 Qg6 6. Qd2 f6 7. Be3 e5 8. dxe5
fxe5 9. O-O-O d5 10. Qxd5 Nf6 11. Qd8+ Kf7 12. Nxe5+ Kg7 13. Nxg6 hxg6 14. Qxc8
g5 15. Qxb7 g4 16. Qxa8 Nh5 17. Qxb8 g3 18. hxg3 c5 19. Qe5+ Kh7 20. Rxh5+ Kg6
21. Qf5+ Kg7 22. Rd7+ Be7 23. Rxe7+ Kg8 1-0

[Event "CYCC U10"]
[Site "Windsor CAN"]
[Date "2010.07.06"]
[Round "2"]
[White "Cheung, Lukas"]
[Black "Gugel, Brett"]
[Result "0-1"]
[WhiteElo "1040"]
[BlackElo "1408"]
[PlyCount "70"]
[EventDate "2010.07.06"]
[EventType "swiss"]
[EventRounds "7"]
[EventCountry "CAN"]

1. e4 d6 2. d4 Nf6 3. Bd3 e5 4. d5 Be7 5. c4 c6 6. Be3 O-O 7. Nd2 Nbd7 8. f3
Re8 9. Ne2 Nf8 10. O-O Ng6 11. Nb3 Nh5 12. c5 cxd5 13. cxd6 Qxd6 14. Bc5 Qe6
15. exd5 Bxc5+ 16. Nxc5 Qxd5 17. Bb5 Qxc5+ 18. Rf2 Qxb5 19. Nc3 Qa6 20. Rc1 Be6
21. f4 Nhxf4 22. Ne2 Rad8 23. Qe1 Nxe2+ 24. Rxe2 Qb6+ 25. Rf2 Nf4 26. Rc3 Nd3
27. Rxd3 Rxd3 28. Qe2 Red8 29. g3 Qxf2+ 30. Qxf2 Rd1+ 31. Kg2 R8d2 32. b4 Bd5+
33. Kh3 Rxf2 34. a4 Rd4 35. b5 Bg2# 0-1

[Event "CYCC U10"]
[Site "Windsor CAN"]
[Date "2010.07.06"]
[Round "2"]
[White "Rice, Joshua"]
[Black "McCullough, Ian"]
[Result "0-1"]
[WhiteElo "950"]
[BlackElo "1090"]
[PlyCount "48"]
[EventDate "2010.07.06"]
[EventType "swiss"]
[EventRounds "7"]
[EventCountry "CAN"]

1. e4 e6 2. Nf3 d5 3. exd5 exd5 4. d3 Nf6 5. c4 dxc4 6. dxc4 Qxd1+ 7. Kxd1 Nc6
8. Bd3 Bc5 9. Nc3 Ng4 10. Ke1 Nxf2 11. Rf1 Nxd3+ 12. Kd2 Nxc1 13. Kxc1 Be3+ 14.
Nd2 Be6 15. Re1 Bh6 16. Re4 O-O-O 17. Na4 Rxd2 18. Nc5 Rd5+ 19. Kc2 Rxc5 20.
Rae1 Bf5 21. Kd3 Rd8+ 22. Kc3 Bd2+ 23. Kb3 Rd3+ 24. Ka4 Ra5# 0-1

[Event "CYCC U10"]
[Site "Windsor CAN"]
[Date "2010.07.06"]
[Round "2"]
[White "Warnock, Luc"]
[Black "Kassam, Jamil"]
[Result "0-1"]
[WhiteElo "861"]
[BlackElo "1786"]
[PlyCount "54"]
[EventDate "2010.07.06"]
[EventType "swiss"]
[EventRounds "7"]
[EventCountry "CAN"]

1. e4 e6 2. Nc3 d5 3. Bb5+ Bd7 4. exd5 Bxb5 5. Nxb5 exd5 6. Nc3 Nf6 7. g4 d4 8.
Nb1 Qe7+ 9. Ne2 Nxg4 10. h3 Ne5 11. Nxd4 Nf3+ 12. Kf1 Nxd4 13. c3 Nf5 14. Qc2
Qf6 15. Qa4+ Nc6 16. Qe4+ Be7 17. Na3 Ng3+ 18. Kg2 Nxe4 19. Rf1 Qg5+ 20. Kf3 f5
21. d3 Ne5+ 22. Ke2 Qh5+ 23. f3 Ng3+ 24. Kf2 Nxf1 25. Kxf1 Qxf3+ 26. Ke1 Bh4+
27. Kd2 Qxd3# 0-1

[Event "CYCC U10"]
[Site "Windsor CAN"]
[Date "2010.07.06"]
[Round "2"]
[White "Wiebe, Ricky"]
[Black "Bacic, Matthew"]
[Result "1-0"]
[WhiteElo "996"]
[BlackElo "771"]
[PlyCount "101"]
[EventDate "2010.07.06"]
[EventType "swiss"]
[EventRounds "7"]
[EventCountry "CAN"]

1. d4 d5 2. Nc3 e5 3. Nf3 Nf6 4. Nxe5 Rg8 5. Bg5 Nc6 6. Nf3 h6 7. Bh4 g5 8. Bg3
Bb4 9. Qd3 b6 10. e3 Bd7 11. Be2 Qc8 12. O-O Bc5 13. dxc5 bxc5 14. Rad1 h5 15.
Ne1 h4 16. Qa6 Qd8 17. Bb5 hxg3 18. fxg3 Nh7 19. Bxc6 Rg6 20. Rxd5 g4 21. Nd3
Nf6 22. Ne5 Rh6 23. Bxd7+ Kf8 24. Bc6 Qb8 25. Qb7 a5 26. Qxb8+ Rxb8 27. Nd7+
Kg7 28. Nxb8 Nxd5 29. Bxd5 Rh8 30. Nd7 Rh5 31. h4 a4 32. Rf4 Rh6 33. Rxg4+ Rg6
34. Rxg6+ Kxg6 35. Nxc5 c6 36. Bxc6 f5 37. b3 axb3 38. cxb3 f4 39. exf4 Kh7 40.
a4 Kg7 41. a5 Kf7 42. a6 Ke7 43. a7 Kd6 44. Nb7+ Kxc6 45. a8=Q Kc7 46. Nd5+ Kc6
47. Ne7+ Kc7 48. Qc8+ Kb6 49. Qc6+ Ka7 50. Na5 Kb8 51. Qb7# 1-0

[Event "CYCC U10"]
[Site "Windsor CAN"]
[Date "2010.07.06"]
[Round "2"]
[White "Zhao, Frederick"]
[Black "Zotkin, Daniel"]
[Result "0-1"]
[WhiteElo "1231"]
[BlackElo "1504"]
[PlyCount "88"]
[EventDate "2010.07.06"]
[EventType "swiss"]
[EventRounds "7"]
[EventCountry "CAN"]

1. e4 c5 2. Nf3 Nc6 3. d4 cxd4 4. Nxd4 g6 5. Be3 Bg7 6. Bc4 Nf6 7. Nc3 O-O 8.
O-O d6 9. Re1 Ng4 10. Nxc6 bxc6 11. Bd2 Qb6 12. Rf1 Bd4 13. Be1 a5 14. h3 Ne5
15. Be2 f5 16. exf5 Bxf5 17. Rb1 Be6 18. a3 Rf5 19. Na4 Qa7 20. c3 Bc5 21. Nxc5
Qxc5 22. Qd4 Qxd4 23. cxd4 Bc4 24. Bxc4+ Nxc4 25. Bc3 Raf8 26. Rbe1 R5f7 27.
Rd1 d5 28. Rde1 Rb8 29. Re2 Rb3 30. Rc1 Kg7 31. Rcc2 Kf6 32. g3 e6 33. Kg2 h5
34. h4 Re7 35. f3 g5 36. hxg5+ Kxg5 37. Kf2 Kf5 38. Kg2 Rg7 39. Kf2 Rg6 40. f4
h4 41. gxh4 Kxf4 42. Ke1 Ne3 43. Rcd2 Rg1+ 44. Kf2 Rf1# 0-1

[Event "CYCC U10"]
[Site "Windsor CAN"]
[Date "2010.07.07"]
[Round "3"]
[White "Bacic, Matthew"]
[Black "Gorry, Matthew"]
[Result "0-1"]
[WhiteElo "771"]
[BlackElo "1092"]
[PlyCount "48"]
[EventDate "2010.07.06"]
[EventType "swiss"]
[EventRounds "7"]
[EventCountry "CAN"]

1. e4 e5 2. d4 exd4 3. Qxd4 b6 4. Qd2 a5 5. f3 Bb4 6. c3 Bf8 7. g4 b5 8. Bxb5
c6 9. Bd3 Bc5 10. Nh3 Be7 11. b4 Bh4+ 12. Nf2 axb4 13. cxb4 Bf6 14. O-O Bxa1
15. f4 Ba6 16. a4 g6 17. b5 cxb5 18. axb5 Bb7 19. f5 gxf5 20. gxf5 Bd4 21. h4
Ba7 22. e5 Qxh4 23. b6 Bxb6 24. e6 Qg3# 0-1

[Event "CYCC U10"]
[Site "Windsor CAN"]
[Date "2010.07.07"]
[Round "3"]
[White "Deforest, Matthew"]
[Black "Warnock, Luc"]
[Result "0-1"]
[WhiteElo "550"]
[BlackElo "861"]
[PlyCount "44"]
[EventDate "2010.07.06"]
[EventType "swiss"]
[EventRounds "7"]
[EventCountry "CAN"]

1. e4 Nf6 2. e5 Ne4 3. Bd3 Nc5 4. Bc4 e6 5. Qf3 g6 6. h4 Bg7 7. Rh3 Bxe5 8. d4
Bxd4 9. Qf4 Bg7 10. Rf3 Qe7 11. b4 Nca6 12. b5 Nc5 13. Ba3 b6 14. Nc3 Bb7 15.
O-O-O Bxf3 16. gxf3 Bxc3 17. Bb2 Na4 18. Bxc3 Nxc3 19. Rd3 Qa3+ 20. Kd2 Nb1+
21. Ke3 Qc1+ 22. Kd4 Qxf4# 0-1

[Event "CYCC U10"]
[Site "Windsor CAN"]
[Date "2010.07.07"]
[Round "3"]
[White "Kassam, Jamil"]
[Black "Aghamalian, Derick"]
[Result "1/2-1/2"]
[WhiteElo "1786"]
[BlackElo "1445"]
[PlyCount "84"]
[EventDate "2010.07.06"]
[EventType "swiss"]
[EventRounds "7"]
[EventCountry "CAN"]

1. d4 Nf6 2. Nf3 e6 3. c4 d5 4. Nc3 Be7 5. Bg5 O-O 6. e3 h6 7. Bh4 Ne4 8. Bxe7
Qxe7 9. Nxe4 dxe4 10. Nd2 f5 11. Be2 Nd7 12. Qc2 Nf6 13. O-O Bd7 14. Rac1 c6
15. c5 e5 16. Nc4 exd4 17. exd4 Be6 18. Ne5 Kh7 19. Qd1 Nd7 20. Qc2 Nxe5 21.
dxe5 Bf7 22. f4 Rfd8 23. g4 g6 24. Rcd1 Qh4 25. b3 Bd5 26. Qc3 Rac8 27. h3 Qe7
28. Kh2 Qh4 29. Qe3 Qe7 30. Kg3 Re8 31. h4 Rg8 32. Kh3 Qg7 33. g5 h5 34. Bc4
Rcd8 35. Qe2 Qf7 36. Rc1 Rg7 37. Rfd1 Rgg8 38. Rd2 Rd7 39. Rcd1 Rgd8 40. Kg3
Kg7 41. Qf1 Kh7 42. Qe2 Kg7 1/2-1/2

[Event "CYCC U10"]
[Site "Windsor CAN"]
[Date "2010.07.07"]
[Round "3"]
[White "McCullough, Ian"]
[Black "Cheung, Lukas"]
[Result "1-0"]
[WhiteElo "1090"]
[BlackElo "1040"]
[PlyCount "89"]
[EventDate "2010.07.06"]
[EventType "swiss"]
[EventRounds "7"]
[EventCountry "CAN"]

1. d4 d5 2. c4 dxc4 3. e4 b5 4. a4 c6 5. Nc3 Bd7 6. d5 cxd5 7. Qxd5 e6 8. Qxa8
b4 9. Na2 Qb6 10. Bf4 Bd6 11. Bxd6 Qxd6 12. Qxa7 b3 13. Nc3 f5 14. exf5 exf5
15. Qe3+ Ne7 16. Bxc4 Qc6 17. Bd5 Qf6 18. Nf3 Na6 19. O-O Bc6 20. Rfe1 Nb4 21.
Bxc6+ Nbxc6 22. Nd5 Qd6 23. Nxe7 Nxe7 24. Qxe7+ Qxe7 25. Rxe7+ Kxe7 26. Nd4 Kf6
27. Nxb3 Rb8 28. Ra3 Rd8 29. Kf1 Rd1+ 30. Ke2 Rh1 31. g3 Rxh2 32. a5 Rh5 33. a6
f4 34. a7 Re5+ 35. Kf3 Re8 36. a8=Q Rxa8 37. Rxa8 fxg3 38. fxg3 g5 39. Nd4 Kg6
40. b4 h5 41. b5 g4+ 42. Kf4 h4 43. gxh4 Kh5 44. b6 Kxh4 45. Rh8# 1-0

[Event "CYCC U10"]
[Site "Windsor CAN"]
[Date "2010.07.07"]
[Round "3"]
[White "Xia, Jefferson"]
[Black "Rice, Joshua"]
[Result "0-1"]
[WhiteElo "843"]
[BlackElo "950"]
[PlyCount "98"]
[EventDate "2010.07.06"]
[EventType "swiss"]
[EventRounds "7"]
[EventCountry "CAN"]

1. e4 e5 2. Nf3 d6 3. Nc3 Nc6 4. d3 Be7 5. Be2 Nf6 6. O-O Bg4 7. h3 Bxf3 8.
Bxf3 O-O 9. Bg5 Nd4 10. Bxf6 gxf6 11. b3 Nxf3+ 12. Qxf3 Qd7 13. Nd5 b5 14. Qxf6
Bxf6 15. Nxf6+ Kg7 16. Nxd7 Rfd8 17. Nxe5 dxe5 18. f3 Rab8 19. g4 c5 20. c4
bxc4 21. bxc4 Rxd3 22. Kg2 Rbd8 23. Kg3 Rc3 24. Rfc1 Rxc1 25. Rxc1 Kg6 26. h4
f6 27. h5+ Kg5 28. a4 Kh6 29. Ra1 Rd4 30. Rc1 Rd7 31. Ra1 Kg7 32. Kh4 Rd2 33.
g5 Rh2+ 34. Kg3 Rd2 35. Rb1 Rd7 36. Rb5 Rc7 37. gxf6+ Kxf6 38. Kg4 Ke6 39. Kg5
Rg7+ 40. Kh6 Rg3 41. Rxc5 Rxf3 42. Kxh7 Rh3 43. Kg6 Rg3+ 44. Kh6 Kf6 45. Ra5
Rg4 46. c5 Rxe4 47. c6 Rd4 48. Rc5 Rd8 49. c7 Rh8# 0-1

[Event "CYCC U10"]
[Site "Windsor CAN"]
[Date "2010.07.07"]
[Round "3"]
[White "Yilmaz, Burak"]
[Black "Zhao, Frederick"]
[Result "0-1"]
[WhiteElo "800"]
[BlackElo "1231"]
[PlyCount "109"]
[EventDate "2010.07.06"]
[EventType "swiss"]
[EventRounds "7"]
[EventCountry "CAN"]

1. e4 e5 2. Nf3 Nc6 3. Nc3 Nf6 4. Bb5 a6 5. Bxc6 dxc6 6. Nxe5 Bd6 7. d4 Bxe5 8.
dxe5 Qxd1+ 9. Nxd1 Nxe4 10. O-O O-O 11. Re1 Nc5 12. Be3 Ne6 13. Nc3 b6 14. Rad1
Bb7 15. f3 Rad8 16. h4 Rxd1 17. Rxd1 Rd8 18. Rxd8+ Nxd8 19. g4 c5 20. f4 Bc8
21. f5 Kf8 22. Nd5 g6 23. Bh6+ Ke8 24. Nf6+ Ke7 25. Bg5 gxf5 26. Nxh7+ Ke8 27.
Nf6+ Ke7 28. gxf5 Bxf5 29. h5 Ne6 30. Nh7+ Nxg5 31. Nxg5 Bxc2 32. h6 Kf8 33.
Kf2 Bb1 34. e6 fxe6 35. Nxe6+ Kg8 36. Ng5 Bxa2 37. Kg3 Bb1 38. Kh4 Bg6 39. Kg4
b5 40. Kf4 c4 41. Ke5 b4 42. Kf6 Bd3 43. h7+ Bxh7 44. Nf7 c3 45. Nh6+ Kf8 46.
Nf7 cxb2 47. Nd8 b1=Q 48. Ne6+ Kg8 49. Ng5 Qf5+ 50. Ke7 Qxg5+ 51. Kd7 b3 52.
Kxc7 b2 53. Kb7 b1=Q+ 54. Kxa6 Qgb5+ 55. Ka7 0-1

[Event "CYCC U10"]
[Site "Windsor CAN"]
[Date "2010.07.07"]
[Round "3"]
[White "Zhang, Jeff"]
[Black "Wiebe, Ricky"]
[Result "1-0"]
[WhiteElo "1312"]
[BlackElo "996"]
[PlyCount "41"]
[EventDate "2010.07.06"]
[EventType "swiss"]
[EventRounds "7"]
[EventCountry "CAN"]

1. e4 e5 2. Nf3 Nc6 3. Bc4 Qf6 4. Nc3 Bb4 5. Nd5 Qd6 6. a3 Ba5 7. b4 Bb6 8. d3
Nge7 9. Be3 Bxe3 10. fxe3 O-O 11. O-O Qg6 12. b5 Na5 13. Nxe7+ Kh8 14. Nxg6+
fxg6 15. Nxe5 Rxf1+ 16. Kxf1 Nxc4 17. dxc4 d6 18. Nf7+ Kg8 19. Qd5 Bh3 20. Nh6+
Kf8 21. Qf7# 1-0

[Event "CYCC U10"]
[Site "Windsor CAN"]
[Date "2010.07.07"]
[Round "3"]
[White "Zhu, Jeffrey"]
[Black "Bashura, Brian"]
[Result "1-0"]
[WhiteElo "1212"]
[BlackElo "930"]
[PlyCount "127"]
[EventDate "2010.07.06"]
[EventType "swiss"]
[EventRounds "7"]
[EventCountry "CAN"]

1. d4 d5 2. c4 e6 3. Nc3 Bb4 4. Nf3 Nf6 5. Bd2 O-O 6. Qc2 Nc6 7. e3 b6 8. Bd3
Ba6 9. Qa4 dxc4 10. Qxa6 cxd3 11. Qxd3 Ne7 12. O-O Ned5 13. Ne4 Nxe4 14. Qxe4
Bxd2 15. Nxd2 Nf6 16. Qd3 c5 17. Nf3 a6 18. Rad1 Qd6 19. e4 b5 20. Rfe1 c4 21.
Qc2 Rfc8 22. e5 Qd8 23. exf6 Qxf6 24. Re5 h6 25. d5 b4 26. g3 Qxf3 27. dxe6 Qf6
28. Rde1 c3 29. e7 Qc6 30. b3 f6 31. Re6 Qd7 32. R6e4 a5 33. Rc4 Re8 34. Rce4
f5 35. Re6 g6 36. Rxg6+ Kf7 37. Rxh6 Rxe7 38. Rxe7+ Kxe7 39. Rh7+ Kd8 40. Rxd7+
Kxd7 41. Qxf5+ Kd6 42. Qe4 Rc8 43. Qc2 Rb8 44. h4 a4 45. bxa4 Kc5 46. a3 b3 47.
Qxc3+ Kd6 48. Qb2 Kc7 49. h5 Kc6 50. h6 Kc5 51. h7 Kc4 52. h8=Q Rxh8 53. Qxh8
Kd3 54. Qc8 b2 55. Qf5+ Kd2 56. Qb1 Kc3 57. g4 Kb3 58. g5 Kxa3 59. g6 Kb3 60.
g7 Ka3 61. g8=Q Kb4 62. Qxb2+ Kxa4 63. Qgb3+ Ka5 64. Qb5# 1-0

[Event "CYCC U10"]
[Site "Windsor CAN"]
[Date "2010.07.07"]
[Round "3"]
[White "Zotkin, Daniel"]
[Black "Cao, Jason"]
[Result "1/2-1/2"]
[WhiteElo "1504"]
[BlackElo "1398"]
[PlyCount "66"]
[EventDate "2010.07.06"]
[EventType "swiss"]
[EventRounds "7"]
[EventCountry "CAN"]

1. e4 e5 2. Nf3 Nc6 3. Bc4 Bc5 4. O-O Nf6 5. d4 Bxd4 6. Nxd4 Nxd4 7. Bg5 O-O 8.
f4 d6 9. fxe5 dxe5 10. Qd3 Kh8 11. Nc3 c6 12. Rad1 Bg4 13. Rd2 b5 14. Qg3 bxc4
15. Bxf6 gxf6 16. Qxg4 Nf3+ 17. Qxf3 Qxd2 18. Qxf6+ Kg8 19. Rf3 Qe1+ 20. Rf1
Qe3+ 21. Kh1 Rad8 22. Rf3 Qc1+ 23. Rf1 Qe3 24. Rf3 Qe1+ 25. Rf1 Qe3 26. Rf3
Qc1+ 27. Rf1 Qxb2 28. Qg5+ Kh8 29. Qf6+ Kg8 30. Qg5+ Kh8 31. Qf6+ Kg8 32. Qg5+
Kh8 33. Qf6+ Kg8 1/2-1/2